[Event "World Team Championship 2019"]
[Site "Astana KAZ"]
[Date "2019.03.12"]
[Round "7"]
[White "Swiercz, Dariusz"]
[Black "Nepomniachtchi, Ian"]
[Result "1/2-1/2"]
[WhiteElo "2655"]
[BlackElo "2771"]
[PlyCount "68"]
[EventDate "2019.03.05"]
[WhiteTeam "United States of America"]
[BlackTeam "Russia"]

1. d4 Nf6 2. c4 g6 3. Nc3 d5 4. Nf3 Bg7 5. h4 c6 6. cxd5 cxd5 7. Bf4 O-O 8. e3
Nc6 9. Qb3 Na5 10. Qa3 Nc6 11. Qb3 Na5 12. Qa3 Nc6 13. Bb5 Bd7 14. O-O a6 15.
Be2 b5 16. Qb3 Na5 17. Qd1 Bg4 18. Ne5 Bxe2 19. Qxe2 e6 20. Nd3 Qe7 21. Rac1
Rfc8 22. Bg5 Qf8 23. Nc5 Nc4 24. Rc2 Qe8 25. Rfc1 Nd7 26. Nd3 Ndb6 27. Bf4 h6
28. Nb1 Bf8 29. b3 Nd6 30. Nd2 Rxc2 31. Rxc2 Rc8 32. Qd1 Qd8 33. Bxd6 Bxd6 34.
Nf3 Rc7 1/2-1/2

[Event "World Team Championship 2019"]
[Site "Astana KAZ"]
[Date "2019.03.12"]
[Round "7"]
[White "Grischuk, Alexander"]
[Black "Sevian, Samuel"]
[Result "1/2-1/2"]
[WhiteElo "2771"]
[BlackElo "2642"]
[PlyCount "155"]
[EventDate "2019.03.05"]
[WhiteTeam "Russia"]
[BlackTeam "United States of America"]

1. d4 Nf6 2. c4 e6 3. Nf3 d5 4. Bg5 h6 5. Bxf6 Qxf6 6. e3 Nd7 7. Nc3 c6 8. Bd3
g6 9. O-O Bg7 10. Re1 dxc4 11. Bxc4 O-O 12. e4 e5 13. d5 Nb6 14. Bb3 Rd8 15. h3
Bf8 16. Qe2 Bd7 17. Red1 Rac8 18. a4 a5 19. dxc6 Bxc6 20. Qe3 Nd7 21. Nd5 Bxd5
22. Rxd5 Nc5 23. Bc4 Rxd5 24. Bxd5 b6 25. Rc1 Kg7 26. g3 Rc7 27. Kg2 Bd6 28. b3
Na6 29. Rxc7 Bxc7 30. Qc3 Nc5 31. h4 Qd6 32. Qc4 Qe7 33. h5 Bd8 34. Qc3 Nd7 35.
hxg6 fxg6 36. Bc6 Qc5 37. Qc4 Qxc4 38. bxc4 Nb8 39. Bb5 Kf6 40. Ne1 Bc7 41. Nd3
g5 42. c5 bxc5 43. Nxc5 Bb6 44. Nd3 g4 45. Nb2 h5 46. Nc4 Bc7 47. Ne3 Kg5 48.
f3 gxf3+ 49. Kxf3 Bb6 50. Nc4 Bc7 51. Ne3 Bb6 52. Nc4 Bc7 53. Kg2 h4 54. gxh4+
Kxh4 55. Kf3 Kg5 56. Ne3 Bb6 57. Nd5 Bc5 58. Ke2 Kg4 59. Nc7 Bg1 60. Ne6 Bb6
61. Kd3 Kf3 62. Nf8 Bd8 63. Ne6 Bb6 64. Ng7 Ba7 65. Nf5 Bf2 66. Nd6 Be1 67. Ne8
Bb4 68. Ng7 Be1 69. Nf5 Bf2 70. Nd6 Be1 71. Nc4 Kf4 72. Nb6 Kf3 73. Nd5 Bh4 74.
Ne3 Be1 75. Nc2 Bf2 76. Na3 Be1 77. Nc4 Kf4 78. Nd6 1/2-1/2

[Event "World Team Championship 2019"]
[Site "Astana KAZ"]
[Date "2019.03.12"]
[Round "7"]
[White "Lenderman, Aleksandr"]
[Black "Andreikin, Dmitry"]
[Result "1/2-1/2"]
[WhiteElo "2637"]
[BlackElo "2725"]
[PlyCount "60"]
[EventDate "2019.03.05"]
[WhiteTeam "United States of America"]
[BlackTeam "Russia"]

1. d4 Nf6 2. c4 e6 3. Nf3 b6 4. g3 Bb7 5. Bg2 Be7 6. O-O O-O 7. Re1 c6 8. Nc3
d5 9. Nd2 b5 10. cxb5 cxb5 11. Nxb5 Qb6 12. Nc3 Qxd4 13. e4 Na6 14. exd5 Nxd5
15. Nxd5 Bxd5 16. Nb3 Qxd1 17. Rxd1 Bxg2 18. Kxg2 Bf6 19. Rd7 Nb4 20. Nc5 Rfb8
21. Ne4 Nc2 22. Nxf6+ gxf6 23. Rb1 Na3 24. Ra1 Nc2 25. Rb1 Na3 26. Ra1 Nc2 27.
Rb1 Na3 28. Ra1 Nc2 29. Rb1 Na3 30. Ra1 Nc2 1/2-1/2

[Event "World Team Championship 2019"]
[Site "Astana KAZ"]
[Date "2019.03.12"]
[Round "7"]
[White "Naiditsch, Arkadij"]
[Black "Adhiban, Baskaran"]
[Result "1/2-1/2"]
[WhiteElo "2710"]
[BlackElo "2683"]
[PlyCount "109"]
[EventDate "2019.03.05"]
[WhiteTeam "Azerbaijan"]
[BlackTeam "India"]

1. e4 e5 2. Nf3 Nc6 3. Bb5 a6 4. Bxc6 dxc6 5. O-O Qf6 6. d4 exd4 7. Bg5 Qd6 8.
Nxd4 Bd7 9. Nc3 Ne7 10. Be3 c5 11. Nde2 Qxd1 12. Rfxd1 Ng6 13. Rd5 Bc6 14. Rh5
O-O-O 15. Bxc5 Bxc5 16. Rxc5 Rd2 17. Rc1 Bxe4 18. Nxe4 Rxe2 19. Nd6+ Kb8 20.
Nf5 Nf4 21. Kf1 Rd2 22. Nxg7 Rg8 23. Rc4 Ne2 24. Re1 Rxg7 25. Rxe2 Rd1+ 26. Re1
Rxe1+ 27. Kxe1 Rxg2 28. Rh4 Rg7 29. Ke2 Kc8 30. Kf3 Kd7 31. Rg4 Rg6 32. Rxg6
fxg6 33. Kf4 Ke6 34. Kg5 Kf7 35. Kh6 Kg8 36. c4 a5 37. b3 Kh8 38. c5 Kg8 39. a3
Kh8 40. b4 axb4 41. axb4 Kg8 42. f4 Kh8 43. b5 Kg8 44. h3 Kh8 45. f5 gxf5 46.
Kg5 Kg7 47. Kxf5 Kf7 48. Ke5 Ke7 49. h4 b6 50. Kd5 bxc5 51. Kxc5 h5 52. Kc6 Kd8
53. Kd5 Kc8 54. Kc6 Kb8 55. b6 1/2-1/2

[Event "World Team Championship 2019"]
[Site "Astana KAZ"]
[Date "2019.03.12"]
[Round "7"]
[White "Adams, Michael"]
[Black "Amin, Bassem"]
[Result "0-1"]
[WhiteElo "2708"]
[BlackElo "2709"]
[PlyCount "133"]
[EventDate "2019.03.05"]
[WhiteTeam "England"]
[BlackTeam "Egypt"]

1. e4 e5 2. Nf3 Nc6 3. Bb5 a6 4. Ba4 Nf6 5. O-O Be7 6. Re1 b5 7. Bb3 d6 8. c3
O-O 9. h3 Nb8 10. d4 Nbd7 11. Nbd2 Bb7 12. Bc2 Re8 13. Nf1 Bf8 14. Ng3 g6 15.
b3 a5 16. a4 b4 17. cxb4 axb4 18. Bb2 Bh6 19. dxe5 dxe5 20. Qe2 Qe7 21. Bd3 Bf4
22. Bb5 Red8 23. Rad1 Nc5 24. Bc4 Rd6 25. Nf1 Nfd7 26. Ne3 Bxe3 27. Qxe3 Nxe4
28. Rc1 c5 29. Qh6 g5 30. Qh5 Ndf6 31. Qxf7+ Qxf7 32. Bxf7+ Kxf7 33. Nxe5+ Kf8
34. Nc4 Rd3 35. f3 Nc3 36. Ne5 Rd5 37. Nc4 Re8 38. Rxe8+ Kxe8 39. Bxc3 bxc3 40.
Rxc3 Rd1+ 41. Kf2 Nd5 42. Rc2 Ba6 43. Nd6+ Ke7 44. Ne4 Nb4 45. Rc3 Rd5 46. Ke3
Nd3 47. g3 h6 48. h4 gxh4 49. gxh4 Rf5 50. b4 cxb4 51. Rc6 Ra5 52. Rxh6 b3 53.
Rb6 b2 54. Nc3 Kd7 55. Kd4 Kc7 56. Rb3 Kc6 57. Nd1 Rd5+ 58. Kc3 Nc5 59. Rb4
Rxd1 60. Kxb2 Rd2+ 61. Kc3 Rd3+ 62. Kc2 Rxf3 63. a5 Kd5 64. Rg4 Bd3+ 65. Kb2
Bf5 66. Rg8 Rb3+ 67. Kc1 0-1

[Event "World Team Championship 2019"]
[Site "Astana KAZ"]
[Date "2019.03.12"]
[Round "7"]
[White "Yu, Yangyi"]
[Black "Grandelius, Nils"]
[Result "1/2-1/2"]
[WhiteElo "2761"]
[BlackElo "2694"]
[PlyCount "61"]
[EventDate "2019.03.05"]
[WhiteTeam "China"]
[BlackTeam "Sweden"]

1. e4 c5 2. Nf3 d6 3. d4 cxd4 4. Nxd4 Nf6 5. Nc3 a6 6. f3 e5 7. Nb3 Be6 8. Be3
Nc6 9. Qe2 Rc8 10. O-O-O Na5 11. Qd2 b5 12. Kb1 Nc4 13. Bxc4 bxc4 14. Nc1 Rb8
15. N1e2 Qc8 16. Ka1 Qb7 17. Rb1 d5 18. exd5 Nxd5 19. Nxd5 Qxd5 20. Qxd5 Bxd5
21. Nc3 Bc6 22. Rhd1 Be7 23. Nd5 Bd8 24. b3 cxb3 25. cxb3 O-O 26. Rbc1 Bb7 27.
Bc5 Re8 28. Bd6 Rc8 29. Rxc8 Bxc8 30. Nc7 Bxc7 31. Bxc7 1/2-1/2

[Event "World Team Championship 2019"]
[Site "Astana KAZ"]
[Date "2019.03.12"]
[Round "7"]
[White "Blomqvist, Erik"]
[Black "Wei, Yi"]
[Result "1/2-1/2"]
[WhiteElo "2488"]
[BlackElo "2733"]
[PlyCount "39"]
[EventDate "2019.03.05"]
[WhiteTeam "Sweden"]
[BlackTeam "China"]

1. e4 c5 2. Nf3 d6 3. d4 cxd4 4. Nxd4 Nf6 5. Nc3 a6 6. Bg5 Nbd7 7. Qe2 h6 8.
Bh4 g6 9. f4 e5 10. fxe5 dxe5 11. O-O-O Qc7 12. Nb3 b5 13. Rxd7 Nxd7 14. Nd5
Qb8 15. Bf6 Nxf6 16. Nxf6+ Ke7 17. Nd5+ Ke8 18. Nf6+ Ke7 19. Nd5+ Ke8 20. Nf6+
1/2-1/2

[Event "World Team Championship 2019"]
[Site "Astana KAZ"]
[Date "2019.03.12"]
[Round "7"]
[White "Bu, Xiangzhi"]
[Black "Smith, Axel"]
[Result "1/2-1/2"]
[WhiteElo "2731"]
[BlackElo "2487"]
[PlyCount "115"]
[EventDate "2019.03.05"]
[WhiteTeam "China"]
[BlackTeam "Sweden"]

1. Nf3 c5 2. c4 Nc6 3. d4 cxd4 4. Nxd4 g6 5. e4 Nf6 6. Nc3 Nxd4 7. Qxd4 d6 8.
Be3 Bg7 9. f3 O-O 10. Qd2 Be6 11. Rc1 Qa5 12. Be2 Rfc8 13. b3 a6 14. Na4 Qxd2+
15. Kxd2 Nd7 16. g4 f5 17. exf5 gxf5 18. h3 Rf8 19. f4 Rad8 20. g5 Nc5 21. Nc3
Bxc3+ 22. Kxc3 Ne4+ 23. Kb4 Ng3 24. Rhe1 Nxe2 25. Rxe2 Rd7 26. Bd4 Bf7 27. h4
Re8 28. Rce1 Rc7 29. a4 Rd7 30. Ka5 Rc7 31. Kb6 Rd7 32. Re3 Kf8 33. Rh3 e5 34.
fxe5 Re6 35. Ka5 dxe5 36. Bxe5 f4 37. Bc3 Rxe1 38. Bxe1 Bh5 39. Rc3 Ke8 40. Kb6
Kd8 41. c5 Kc8 42. Rc4 Re7 43. Bf2 Re6+ 44. Ka7 a5 45. c6 Rxc6 46. Rxc6+ bxc6
47. Kb6 Bf7 48. Kxc6 Bxb3 49. Kb5 Kb7 50. Kxa5 Bd1 51. Kb5 Be2+ 52. Kc5 Ka6 53.
Be1 f3 54. Bf2 Bd3 55. h5 Ka5 56. Kd4 Bb1 57. Ke3 Bc2 58. g6 1/2-1/2

[Event "World Team Championship 2019"]
[Site "Astana KAZ"]
[Date "2019.03.13"]
[Round "8"]
[White "Grandelius, Nils"]
[Black "Karjakin, Sergey"]
[Result "1/2-1/2"]
[WhiteElo "2694"]
[BlackElo "2753"]
[PlyCount "60"]
[EventDate "2019.03.05"]
[WhiteTeam "Sweden"]
[BlackTeam "Russia"]

1. e4 e5 2. Nf3 Nc6 3. Bc4 Bc5 4. d3 Nf6 5. O-O d6 6. c3 a6 7. a4 h6 8. Re1 O-O
9. h3 a5 10. Bb5 Na7 11. d4 exd4 12. cxd4 Bb4 13. Bd2 Nxb5 14. axb5 Bd7 15. Qb3
Bxb5 16. Bxb4 axb4 17. Rxa8 Qxa8 18. Qxb4 Qa4 19. Qd2 Bc6 20. Nc3 Qa8 21. d5
Bd7 22. Nd4 Re8 23. Re3 c6 24. dxc6 bxc6 25. Nf3 Qb8 26. Qe2 c5 27. e5 dxe5 28.
Rxe5 Rxe5 29. Nxe5 Be6 30. Nf3 Qb4 1/2-1/2

[Event "World Team Championship 2019"]
[Site "Astana KAZ"]
[Date "2019.03.13"]
[Round "8"]
[White "Grischuk, Alexander"]
[Black "Tikkanen, Hans"]
[Result "1-0"]
[WhiteElo "2771"]
[BlackElo "2510"]
[PlyCount "71"]
[EventDate "2019.03.05"]
[WhiteTeam "Russia"]
[BlackTeam "Sweden"]

1. e4 e6 2. d4 d5 3. Nc3 Bb4 4. e5 c5 5. a3 Bxc3+ 6. bxc3 Qa5 7. Bd2 Qa4 8. Qg4
Kf8 9. h4 Nc6 10. h5 Qxc2 11. Rc1 Qe4+ 12. Qxe4 dxe4 13. Ne2 f5 14. g4 Nge7 15.
gxf5 Nxf5 16. Bg2 h6 17. Bxe4 Kf7 18. Rg1 Rd8 19. Bxf5 exf5 20. Be3 Be6 21. Nf4
Bc4 22. e6+ Kg8 23. f3 Kh7 24. Kf2 Rac8 25. dxc5 Rc7 26. Rcd1 Re8 27. Rd6 Rce7
28. Bd4 Nxd4 29. cxd4 Bxe6 30. Ng6 Bf7 31. Nxe7 Rxe7 32. Re1 Rc7 33. Re5 Bxh5
34. Rxf5 Be8 35. Rf8 Bb5 36. f4 1-0

[Event "World Team Championship 2019"]
[Site "Astana KAZ"]
[Date "2019.03.13"]
[Round "8"]
[White "Blomqvist, Erik"]
[Black "Andreikin, Dmitry"]
[Result "0-1"]
[WhiteElo "2488"]
[BlackElo "2725"]
[PlyCount "78"]
[EventDate "2019.03.05"]
[WhiteTeam "Sweden"]
[BlackTeam "Russia"]

1. e4 c6 2. d4 d5 3. exd5 cxd5 4. Bd3 Nc6 5. c3 Qc7 6. Ne2 Bg4 7. O-O e6 8. Qe1
Be7 9. Bf4 Qb6 10. Nd2 Nf6 11. Rb1 O-O 12. Ng3 g6 13. f3 Bf5 14. Nxf5 exf5 15.
Bg5 Rfe8 16. Qh4 Nd7 17. Bxe7 Rxe7 18. Rfd1 Rae8 19. Bf1 Qa5 20. a3 Qa4 21. Qf2
Nb6 22. Bd3 Na5 23. Re1 Qd7 24. Rxe7 Qxe7 25. Bb5 Nc6 26. Kf1 Qd6 27. Kg1 a6
28. Bd3 Na4 29. Bc2 b5 30. Bxa4 bxa4 31. b4 axb3 32. Rxb3 Na5 33. Rb4 Qc7 34.
Nb3 Nc6 35. Ra4 Qb6 36. Qc2 Qb5 37. Nc5 Re1+ 38. Kf2 Qf1+ 39. Kg3 Re2 0-1

[Event "World Team Championship 2019"]
[Site "Astana KAZ"]
[Date "2019.03.13"]
[Round "8"]
[White "Artemiev, Vladislav"]
[Black "Smith, Axel"]
[Result "1-0"]
[WhiteElo "2736"]
[BlackElo "2487"]
[PlyCount "67"]
[EventDate "2019.03.05"]
[WhiteTeam "Russia"]
[BlackTeam "Sweden"]

1. d4 d5 2. c4 c5 3. e3 Nf6 4. Nf3 cxd4 5. exd4 g6 6. Nc3 Bg7 7. cxd5 O-O 8.
Bc4 Nbd7 9. d6 exd6 10. O-O Nb6 11. Bb3 Bf5 12. Re1 Qd7 13. a4 a5 14. Bf4 Rfe8
15. Nb5 Rxe1+ 16. Qxe1 Bf8 17. Rc1 Nbd5 18. Bg5 Rc8 19. Rxc8 Qxc8 20. Qxa5 Be4
21. Nc3 Bxf3 22. gxf3 Nxc3 23. Qxc3 Qf5 24. Bd2 d5 25. Bc2 Qh5 26. Bf4 Bh6 27.
Qe3 Bxf4 28. Qxf4 Kg7 29. Kg2 g5 30. Qe5 Qh4 31. Bf5 Qh6 32. a5 g4 33. fxg4 Qd2
34. Qe3 1-0

[Event "World Team Championship 2019"]
[Site "Astana KAZ"]
[Date "2019.03.13"]
[Round "8"]
[White "Ding, Liren"]
[Black "Adams, Michael"]
[Result "1-0"]
[WhiteElo "2812"]
[BlackElo "2708"]
[PlyCount "117"]
[EventDate "2019.03.05"]
[WhiteTeam "China"]
[BlackTeam "England"]

1. Nf3 d5 2. g3 Nf6 3. Bg2 c5 4. O-O g6 5. d4 cxd4 6. Nxd4 Bg7 7. Nb3 O-O 8.
Nc3 e6 9. e4 Nc6 10. exd5 exd5 11. Bg5 h6 12. Be3 Re8 13. Qd2 Ng4 14. Bc5 Be6
15. Nxd5 Bxb2 16. Rad1 Bxd5 17. Bxd5 Qg5 18. Qxg5 hxg5 19. c4 Rac8 20. h3 Nf6
21. Be3 g4 22. Bg2 gxh3 23. Bxh3 Rc7 24. Kg2 Ne5 25. c5 Kg7 26. Bf4 Rce7 27.
Rd2 Ba3 28. Rd4 Nc6 29. Ra4 Bb4 30. Bd6 Re2 31. Nd4 Nxd4 32. Rxb4 Nc2 33. Rxb7
Ne3+ 34. Kf3 Nxf1 35. Bxf1 Rc2 36. Bb5 Re6 37. Rxa7 Ne4 38. Bd7 Rxf2+ 39. Ke3
Rff6 40. Bxe6 Rxe6 41. Bc7 Nxc5+ 42. Kd4 Na6 43. Be5+ Kf8 44. a3 Ke8 45. Kd5
Nc5 46. a4 Nd7 47. Bc7 Nf6+ 48. Kc4 Rc6+ 49. Kb5 Rc2 50. a5 Kd7 51. Be5+ Ke6
52. Rc7 Ra2 53. Bxf6 Kxf6 54. a6 Rb2+ 55. Kc6 Ra2 56. a7 Kg5 57. Rxf7 Kg4 58.
Rg7 g5 59. Kb7 1-0

[Event "World Team Championship 2019"]
[Site "Astana KAZ"]
[Date "2019.03.13"]
[Round "8"]
[White "McShane, Luke J"]
[Black "Yu, Yangyi"]
[Result "1/2-1/2"]
[WhiteElo "2661"]
[BlackElo "2761"]
[PlyCount "107"]
[EventDate "2019.03.05"]
[WhiteTeam "England"]
[BlackTeam "China"]

1. e4 e5 2. Nf3 Nf6 3. Nxe5 d6 4. Nf3 Nxe4 5. Nc3 Nxc3 6. dxc3 Be7 7. Be3 Nc6
8. Qd2 Be6 9. O-O-O Qd7 10. Kb1 Bf6 11. h4 O-O-O 12. Bg5 Qe7 13. Qf4 h6 14.
Bxf6 Qxf6 15. Qxf6 gxf6 16. Nd4 Ne5 17. Rd2 Rhg8 18. Ne2 Rde8 19. b3 Ng6 20.
Ng3 Bd7 21. Nh5 Re1+ 22. Kb2 f5 23. Nf6 Rd8 24. f3 Bc6 25. Re2 Rd1 26. Rf2 Rh8
27. Rh2 Ne5 28. Nh5 Rg8 29. Be2 Re1 30. Nf4 Kd8 31. Rf1 Rxf1 32. Bxf1 Bd7 33.
Kc1 Be6 34. Kd2 a5 35. a4 Ng6 36. Nh5 Ne7 37. Bd3 Nd5 38. Bc4 Nb6 39. Bf1 Ke7
40. Rh1 c5 41. c4 d5 42. cxd5 Nxd5 43. Rg1 Rd8 44. Bd3 Nb4 45. Nf4 c4 46. Nxe6
Kxe6 47. bxc4 b6 48. Ke3 Na6 49. Rb1 Rd6 50. Kf4 Rd4+ 51. Ke3 Rd6 52. Kf4 Rd4+
53. Ke3 Rd6 54. Kf4 1/2-1/2

[Event "World Team Championship 2019"]
[Site "Astana KAZ"]
[Date "2019.03.13"]
[Round "8"]
[White "Wei, Yi"]
[Black "Howell, David W L"]
[Result "1-0"]
[WhiteElo "2733"]
[BlackElo "2693"]
[PlyCount "117"]
[EventDate "2019.03.05"]
[WhiteTeam "China"]
[BlackTeam "England"]

1. Nf3 Nf6 2. c4 b6 3. g3 Bb7 4. Bg2 g6 5. d4 Bg7 6. O-O e6 7. Bf4 d6 8. Qc2
O-O 9. Nc3 Nc6 10. Rad1 Qe7 11. Rfe1 Nxd4 12. Nxd4 Bxg2 13. Kxg2 e5 14. Be3
exd4 15. Bxd4 c6 16. Qd3 Rfe8 17. Qf3 Rac8 18. e4 Nd7 19. b3 Nc5 20. h4 h5 21.
Qe3 Rcd8 22. Bxg7 Kxg7 23. b4 Nd7 24. b5 Rc8 25. bxc6 Rxc6 26. Nd5 Qe6 27. Qc3+
f6 28. Qa3 a5 29. Rd4 Ne5 30. Qb3 Rec8 31. Rc1 Nd7 32. Qb5 Rc5 33. Qa6 Qf7 34.
Nf4 R5c6 35. Rxd6 Nc5 36. Rxc6 Nxa6 37. Rxc8 Qb7 38. Re8 Kf7 39. Rd8 Qxe4+ 40.
f3 Qe7 41. Rcd1 Nc5 42. Rh8 Ne6 43. Rh7+ Ng7 44. Rd2 Qe8 45. Rd8 Qa4 46. Kh3
Qc6 47. Rhh8 Ne6 48. Rh7+ Ng7 49. Kh2 g5 50. hxg5 fxg5 51. Nxh5 Qxf3 52. Rxg7+
Ke6 53. Rxg5 Qf2+ 54. Kh3 Qf1+ 55. Kh4 Qxc4+ 56. Nf4+ Ke7 57. Rgd5 Qxa2 58. Kg5
Qa4 59. Ng6+ 1-0

[Event "World Team Championship 2019"]
[Site "Astana KAZ"]
[Date "2019.03.13"]
[Round "8"]
[White "Maghsoodloo, Parham"]
[Black "Naiditsch, Arkadij"]
[Result "1-0"]
[WhiteElo "2673"]
[BlackElo "2710"]
[PlyCount "111"]
[EventDate "2019.03.05"]
[WhiteTeam "Iran"]
[BlackTeam "Azerbaijan"]

1. Nf3 d5 2. c4 e6 3. g3 dxc4 4. Qa4+ Bd7 5. Qxc4 c5 6. Bg2 Bc6 7. b3 Be7 8.
Bb2 Nf6 9. O-O O-O 10. d3 Nbd7 11. Nbd2 Rc8 12. e4 Ng4 13. h3 Bf6 14. d4 Nh6
15. Qe2 Nb6 16. Qe3 cxd4 17. Nxd4 Bxd4 18. Bxd4 f5 19. Bc5 Rf7 20. Bxb6 axb6
21. Nc4 fxe4 22. Rad1 Qf8 23. Bxe4 Nf5 24. Bxf5 exf5 25. Nd6 Re7 26. Qg5 h6 27.
Qg6 Be8 28. Qxf5 Qxf5 29. Nxf5 Re5 30. Nd4 Ra5 31. Rd2 Rca8 32. Re1 Bd7 33. a4
Rd5 34. g4 h5 35. f3 hxg4 36. fxg4 b5 37. axb5 Bxb5 38. Red1 Ra3 39. Kf2 Be8
40. h4 Bf7 41. b4 Rd6 42. Nf3 Rxd2+ 43. Rxd2 Kf8 44. Kg3 Rb3 45. Rd4 b5 46. Kf4
Bc4 47. Ne5 Kg8 48. Nc6 Kh7 49. h5 Rb1 50. Rd7 Be2 51. Kg5 Rg1 52. Ne5 Rh1 53.
Re7 Bd1 54. Ng6 Bb3 55. Nh4 Kh8 56. Nf5 1-0

[Event "World Team Championship 2019"]
[Site "Astana KAZ"]
[Date "2019.03.13"]
[Round "8"]
[White "Mamedov, Rauf"]
[Black "Idani, Pouya"]
[Result "1-0"]
[WhiteElo "2701"]
[BlackElo "2604"]
[PlyCount "87"]
[EventDate "2019.03.05"]
[WhiteTeam "Azerbaijan"]
[BlackTeam "Iran"]

1. e4 c5 2. Nc3 d6 3. Bb5+ Bd7 4. Bxd7+ Qxd7 5. d4 cxd4 6. Qxd4 Nc6 7. Qd3 g6
8. Nf3 Bg7 9. Bg5 Nf6 10. Rd1 O-O 11. O-O h6 12. Bc1 Qd8 13. Nd5 Nd7 14. Qa3
Rc8 15. Rfe1 Re8 16. Bd2 Bf8 17. Ne3 e6 18. b4 a5 19. b5 d5 20. Qb3 Nc5 21. Qb1
Nxe4 22. bxc6 bxc6 23. Qc1 h5 24. Nf1 Bg7 25. Bh6 Nc3 26. Bxg7 Kxg7 27. Rd3 Qf6
28. Ng5 Rc7 29. Qd2 Nb5 30. Rf3 Qd4 31. Rd3 Qb4 32. c3 Qc5 33. Ng3 h4 34. Nf1
e5 35. Rh3 f6 36. Rxh4 fxg5 37. Qxg5 Qd6 38. Ng3 Rf7 39. Rh6 Re6 40. f4 Qc5+
41. Kh1 e4 42. f5 Qxc3 43. Rf1 Qe5 44. Rh7+ 1-0

[Event "World Team Championship 2019"]
[Site "Astana KAZ"]
[Date "2019.03.13"]
[Round "8"]
[White "Amin, Bassem"]
[Black "Jumabayev, Rinat"]
[Result "1-0"]
[WhiteElo "2709"]
[BlackElo "2609"]
[PlyCount "126"]
[EventDate "2019.03.05"]
[WhiteTeam "Egypt"]
[BlackTeam "Kazakhstan"]

1. Nf3 d5 2. g3 g6 3. Bg2 Bg7 4. O-O e5 5. d3 Ne7 6. e4 Nbc6 7. exd5 Nxd5 8.
Nc3 Nde7 9. Rb1 a5 10. b3 O-O 11. Re1 Re8 12. Bb2 Bf5 13. a3 Nc8 14. Ne4 Nd6
15. Nc5 Qc8 16. Qd2 b6 17. Nh4 Bd7 18. Nxd7 Qxd7 19. Qc3 Nd4 20. Bxa8 Rxa8 21.
Qd2 c5 22. Qd1 Re8 23. c3 Nc6 24. Ng2 Rd8 25. Ne3 Qe6 26. Qc2 h5 27. Nc4 Nxc4
28. bxc4 Rd6 29. Bc1 Ne7 30. d4 cxd4 31. cxd4 Rxd4 32. c5 Rc4 33. Qd3 Rxc5 34.
Qd8+ Kh7 35. Rxb6 Nc6 36. Qd3 e4 37. Qa6 Bd4 38. Be3 Bxe3 39. Rxe3 Qd5 40. Rb1
Nd4 41. Qb7 Rc6 42. h4 Kg7 43. a4 Qc4 44. Qb2 Kh7 45. Rd1 Nf5 46. Re2 e3 47.
Rd8 Qc1+ 48. Kg2 Qxb2 49. Rxb2 Rc4 50. Ra2 Re4 51. Rd1 Rg4 52. Rd5 Nxh4+ 53.
Kf1 Nf5 54. Rxa5 exf2 55. Kxf2 Nxg3 56. Ra7 Ne4+ 57. Ke3 Nc3 58. Ra1 Kg7 59. a5
h4 60. a6 h3 61. Kf3 Rg5 62. Rxf7+ Kxf7 63. a7 Rf5+ 1-0

[Event "World Team Championship 2019"]
[Site "Astana KAZ"]
[Date "2019.03.14"]
[Round "9"]
[White "Karjakin, Sergey"]
[Black "Adhiban, Baskaran"]
[Result "1/2-1/2"]
[WhiteElo "2753"]
[BlackElo "2683"]
[PlyCount "77"]
[EventDate "2019.03.05"]
[WhiteTeam "Russia"]
[BlackTeam "India"]

1. e4 c6 2. d4 d5 3. e5 c5 4. dxc5 e6 5. Nf3 Bxc5 6. Bd3 Nc6 7. a3 Nge7 8. b4
Bb6 9. O-O Ng6 10. Bb2 O-O 11. Re1 f6 12. exf6 gxf6 13. c4 dxc4 14. Bxc4 Qxd1
15. Rxd1 Kg7 16. Nc3 e5 17. Nd5 Bg4 18. Nxb6 axb6 19. Bd5 Rfd8 20. Be4 Nge7 21.
Rxd8 Rxd8 22. Nh4 Be6 23. Rc1 Bd5 24. Nf5+ Nxf5 25. Bxf5 Bc4 26. f4 Nd4 27. Bg4
Be2 28. Rc8 Rd5 29. Rc7+ Kg6 30. Rd7 Rxd7 31. Bxd7 Bb5 32. Bxd4 Bxd7 33. fxe5
fxe5 34. Bxb6 Kf5 35. Kf2 Kf4 36. Ke2 Bb5+ 37. Kd2 Bc6 38. g3+ Kf3 39. Bc7
1/2-1/2

[Event "World Team Championship 2019"]
[Site "Astana KAZ"]
[Date "2019.03.14"]
[Round "9"]
[White "Ganguly, Surya Shekhar"]
[Black "Nepomniachtchi, Ian"]
[Result "1/2-1/2"]
[WhiteElo "2633"]
[BlackElo "2771"]
[PlyCount "121"]
[EventDate "2019.03.05"]
[WhiteTeam "India"]
[BlackTeam "Russia"]

1. Nf3 c5 2. c4 Nc6 3. d4 cxd4 4. Nxd4 Nf6 5. Nc3 e6 6. g3 Qb6 7. Ndb5 Ng4 8.
e3 Nge5 9. Nd6+ Bxd6 10. Qxd6 Qb4 11. Qxb4 Nxb4 12. f4 Ned3+ 13. Ke2 d5 14. a3
Nc2 15. Rb1 dxc4 16. Bg2 a5 17. Be4 Bd7 18. Bxd3 cxd3+ 19. Kxd3 Nb4+ 20. axb4
axb4 21. Nd1 Bb5+ 22. Kd4 O-O-O+ 23. Kc5 Be2 24. Nf2 Rd5+ 25. Kxb4 Rb5+ 26. Kc3
Rc5+ 27. Kb4 Rb5+ 28. Ka4 Kc7 29. b4 Bc4 30. Ka3 Bd5 31. Rf1 Ra8+ 32. Kb2 Ba2
33. Ra1 Rxb4+ 34. Kc3 Rc4+ 35. Kb2 Rb4+ 36. Kc3 Rc4+ 37. Kd2 Rd8+ 38. Ke1 Rc2
39. Ng4 Rg2 40. Rf2 Rg1+ 41. Rf1 Rg2 42. Nf2 Bc4 43. Rh1 b5 44. Bb2 f6 45. Bd4
h5 46. Rd1 Kb7 47. Rc1 h4 48. gxh4 Rd5 49. h5 Rxh5 50. Ne4 Rd5 51. Nc3 Rh5 52.
Ne4 Rd5 53. Nc3 Rh5 54. Rd1 e5 55. fxe5 fxe5 56. Bc5 Kc6 57. Bb4 Rb2 58. Rb1
Rg2 59. Rd1 Rb2 60. Rb1 Rg2 61. Rd1 1/2-1/2

[Event "World Team Championship 2019"]
[Site "Astana KAZ"]
[Date "2019.03.14"]
[Round "9"]
[White "Grischuk, Alexander"]
[Black "Sethuraman, S.P."]
[Result "1-0"]
[WhiteElo "2771"]
[BlackElo "2637"]
[PlyCount "169"]
[EventDate "2019.03.05"]
[WhiteTeam "Russia"]
[BlackTeam "India"]

1. d4 Nf6 2. c4 e6 3. Nf3 d5 4. Nc3 Bb4 5. cxd5 exd5 6. Bg5 h6 7. Bh4 O-O 8. e3
Bf5 9. Qb3 Bxc3+ 10. Qxc3 g5 11. Bg3 Ne4 12. Qxc7 Qxc7 13. Bxc7 Nc6 14. Bb5
Rfc8 15. Bxc6 bxc6 16. Ba5 Rab8 17. b4 Nd6 18. Nd2 Nb7 19. Nb3 Bc2 20. Nc5 Nxc5
21. dxc5 Re8 22. a4 Bf5 23. O-O-O Re4 24. Rd4 Rxd4 25. exd4 Bd7 26. Kd2 Re8 27.
Bc7 f6 28. f3 a6 29. g4 Kg7 30. Rc1 Re6 31. h3 Kf7 32. Bg3 Be8 33. Bf2 Bd7 34.
Be3 Kg7 35. f4 gxf4 36. Bxf4 Kg6 37. Be3 Kg7 38. Ke2 Kg6 39. Kf2 Be8 40. Ke2
Bd7 41. Kf3 Be8 42. Kf2 Bd7 43. Ke2 Be8 44. Kd3 Bd7 45. Bd2 Kg7 46. Bf4 Kg6 47.
Bg3 Kg5 48. Be1 Be8 49. Bd2+ Kg6 50. Rf1 Kg7 51. h4 Bd7 52. g5 fxg5 53. hxg5 h5
54. Bf4 Kg6 55. Be5 Be8 56. Ke3 Kxg5 57. Rg1+ Kh6 58. Rg8 Re7 59. Kf4 Rf7+ 60.
Kg3 Re7 61. Kh4 Re6 62. Rh8+ Kg6 63. Rxh5 Re7 64. Rg5+ Kf7 65. Kg4 Ke6 66. Rg8
Kf7 67. Rh8 Kg6 68. Rf8 Bd7+ 69. Kg3 Be8 70. b5 axb5 71. axb5 cxb5 72. c6 b4
73. c7 Bd7 74. c8=Q Bxc8 75. Rxc8 Rb7 76. Kf4 b3 77. Rg8+ Kh7 78. Rg1 b2 79.
Rb1 Kg6 80. Ke3 Kf5 81. Kd3 Rb5 82. Kc3 Rb7 83. Rxb2 Rh7 84. Re2 Re7 85. Kb4
1-0

[Event "World Team Championship 2019"]
[Site "Astana KAZ"]
[Date "2019.03.14"]
[Round "9"]
[White "Aravindh, Chithambaram VR"]
[Black "Andreikin, Dmitry"]
[Result "1/2-1/2"]
[WhiteElo "2599"]
[BlackElo "2725"]
[PlyCount "60"]
[EventDate "2019.03.05"]
[WhiteTeam "India"]
[BlackTeam "Russia"]

1. e4 c6 2. d4 d5 3. exd5 cxd5 4. Bd3 Nc6 5. c3 Nf6 6. Bf4 Bg4 7. Qb3 Qd7 8.
Nd2 e6 9. Ngf3 Bd6 10. Bxd6 Qxd6 11. O-O O-O 12. Rae1 Bxf3 13. Nxf3 Rab8 14.
Ne5 Qc7 15. f4 b5 16. a3 a5 17. Qc2 Rfc8 18. Qf2 b4 19. axb4 axb4 20. f5 bxc3
21. bxc3 Re8 22. Qg3 Nxe5 23. dxe5 Nh5 24. Qe3 exf5 25. Rxf5 g6 26. Rxh5 gxh5
27. Qg5+ Kh8 28. Qf6+ Kg8 29. Qg5+ Kh8 30. Qf6+ Kg8 1/2-1/2